000 00469cam a2200145 4500500
005 20260322014339.0
041 _afre
042 _adc
100 1 0 _aLebourgeois, Richard
_eauthor
245 0 0 _aSoft ferrites for power electronics
260 _c2026.
500 _a8
786 0 _nElectronics | - | 2026-03-05 | p. 10-10
856 4 1 _uhttps://stm.cairn.info/power-electronics-conversion-and-management--bdti42283210-d2160-page-10?lang=en&redirect-ssocas=7080
999 _c1788420
_d1788420